El Món laboral : dossier monogràfic per a informadors i agents dinamitzadors dossier monogràfic per a informadors i agents dinamitzadors
Publicado:
Barcelona :
Ajuntament de Barcelona. Àrea d'Afers Socials i Joventut : Diputació de Barcelona. Servei de Joventut, [1991]
Descripción Física:
22 p. ; 30 cm
Materias:
Treball
MARC
| LEADER | 00000nam a2200000Ia 4500 | ||
|---|---|---|---|
| 001 | 24153 | ||
| 003 | BGR | ||
| 005 | 20260324180610.0 | ||
| 008 | 160829s9999 xx 000 0 cat d | ||
| 080 | |a FU-63-19 | ||
| 245 | |a El Món laboral : |b dossier monogràfic per a informadors i agents dinamitzadors | ||
| 260 | |a Barcelona : |b Ajuntament de Barcelona. Àrea d'Afers Socials i Joventut : |b Diputació de Barcelona. Servei de Joventut, [1991] | ||
| 300 | |a 22 p. ; |c 30 cm | ||
| 650 | |a Treball |9 32343 | ||
| 710 | 1 | |a Barcelona (Catalunya : Província). |b Servei de Joventut |9 54681 | |
| 710 | 1 | |a Barcelona (Catalunya). |b Ajuntament |9 50981 | |
| 901 | |a Arxiu | ||
| 942 | |n 1 |2 udc |c MON | ||
| 952 | |0 0 |1 0 |4 0 |6 FU6319 |7 1 |9 55523 |a Arxiu |b Arxiu |d 2016-12-01 |l 0 |o FU-63-19 |p 24153 |r 2016-12-01 00:00:00 |w 2016-12-01 |y ARXIU | ||
| 999 | |c 59396 |d 59396 | ||